Toutes les Techniques D'Arion Sherwind (Tenma) D'Inazuma Eleven - Statistiques

Statistiques générales
  • Ce quiz a été pris 74 fois
  • Le résultat moyen est 20 sur 32
Statistiques - réponses
Réponse Type de quiz Première Utilisation % Correct
Dribble Zéphir ATT GO
100%
Pégase TOTEM GO GALAXY
98%
Tir en Rafales TIR GO
95%
Cheval TOTEM GO GALAXY
93%
Archi Pégase, Le Cheval des Dieux Esprit Guerrier GO
90%
Pégase, L'Étalon Ailé Esprit Guerrier GO
87%
Tacle Fantôme DEF GO CS
84%
Attaque Ventriculaire ATT GO CS
82%
Roi Arthur MIXIMAX GO CS
82%
Direct de Pégase TIR EG GO
79%
Tezcat MIXIMAX GO CS
79%
Attaque Équipe Ultime TIR GO CS
75%
Fulgurante Double Tornade de Feu TIR GO
74%
Sprint Tourbillon DEF GO
74%
Épée du Roi ATT GO CS
72%
Griffon, Seigneur du Règne Animal Esprit Guerrier GO
69%
Sabre de Feu TIR EG GO
66%
Vent Déchaîné TIR GO CS
62%
Dribble en Z ATT GO GALAXY
59%
La Terre : L'Infini TIR GO GALAXY
52%
Ouragan Cyclonique TIR GO GALAXY
52%
Fulgurante Triple Tornade de Feu TIR FILM 2
51%
Double Main Céleste GK FILM 2
46%
Éclair de Pégase ATT EG GO
41%
Lièvre Bondissant Surpuissant TIR GO CS
39%
Évolution TIR FILM 1
34%
Percée d'Éole ATT FILM 2
33%
Sauve-Cabri ATT FILM 1
26%
Archi Pégase R, Le Cheval des Dieux Esprit Guerrier FILM 2
21%
Tir d'Arquebuse TIR MANGA
15%
Aube Obscure TIR MANGA
10%
Fouet Saurien TIR MANGA
10%
Aucun quiz correspondant
Distribution des résultats
% des personnes avec chaque résultat
Percentile par nombre de réponses
Votre historique - résultats
Vous n’avez pas pris ce quiz